000 00488nam a2200181Ia 4500
001 3819
005 20260306145711.0
008 260306t2017||||xx |||||||||||||| ||spa||
041 _aESP
082 _a303.4834
_bS726
100 _aScoble, Robert
_eAUT
245 4 _aThe fourth transformation:
_bhow augmented reality and artificial intelligence change everything
260 _c2017
300 _a183 páginas :
_c23 cm.
650 _aGEN
654 _aCHU
942 _cLIB
_dJUS
_fJUS
_2ddc
_n
999 _c3819
_d3819